| 000 | 00587nam a2200181 a 4500 | ||
|---|---|---|---|
| 005 | 20220606094002.0 | ||
| 008 | 991125s1972 mx 000 0 spa u | ||
| 035 | _aUPN01000005071 | ||
| 049 | _aCE | ||
| 050 | 4 |
_aND258 _bC3.3 |
|
| 100 | 1 |
_aCarrillo y Gariel, Abelardo, _d1898-1976 _935802 |
|
| 245 | 1 | 0 |
_aAutógrafos de pintores coloniales / _cAbelardo Carrillo y Gariel. |
| 260 |
_aMéxico : _bUNAM, Instituto de Investigaciones Estéticas, _c1972. |
||
| 300 | _a177 p. | ||
| 440 | 0 |
_aEstudios y fuentes del arte en México ; _v32 |
|
| 650 | 2 |
_aPintores mexicanos _918893 |
|
| 905 | _aLibro | ||
| 999 |
_c5071 _d5071 |
||